000 00560nam a2200193Ia 4500
005 20250317125039.0
008 008 250317s9999 xx 000 0 eng d
020 _a0-415-17189-X
037 _aTextbook
040 _aFMSL
_beng
_cFMSL
041 _aeng
_2eng
084 _aX9S N8
_qFMSL
100 _aHossain Moazzem Ed.
_9743396
245 0 _aWho benefits from privatisation?
260 _aLondon
_bLondon, Routledge
_c1998
300 _axiii,274
942 _cTB
_hX9S N8
999 _c1257772
_d1257772